000 00582nam a2200169 i 4500
001 49973
003 ES-MaACL
005 20230906162108.0
007 t|
008 030728s1923 sp ||||1| spa d
100 1 _aCrespo de Lara, Felipe.
_941542
245 1 3 _aEl juego y los desastres españoles
_b: (soluciones salvadoras) /
_cF. Crespo de Lara.
260 _aMadrid :
_b[s.n.],
_c1923 (
_fAsilo de Huérfanos del S.C. de Jesús)
300 _a39 p. ;
_c23 cm.
650 4 _aJuegos de azar-
_zEspaña.
_9149280
852 _aES-MaACL
_j1667-F-31
_z.- Dedicatoria manuscrita del autor
999 _c49973
_d49973